Industrial marketing management / (Record no. 1310)
[ view plain ]
| 000 -LEADER | |
|---|---|
| fixed length control field | 00752nam a22002292 4500 |
| 001 - CONTROL NUMBER | |
| control field | 0000023379 |
| 005 - DATE AND TIME OF LATEST TRANSACTION | |
| control field | 20151021151145.0 |
| 008 - FIXED-LENGTH DATA ELEMENTS--GENERAL INFORMATION | |
| fixed length control field | 121119s xx 000 0 eng d |
| 020 ## - INTERNATIONAL STANDARD BOOK NUMBER | |
| International Standard Book Number | 8125913718 : |
| 040 ## - CATALOGING SOURCE | |
| Original cataloging agency | KABU |
| Transcribing agency | KABU |
| 100 1# - MAIN ENTRY--PERSONAL NAME | |
| Personal name | Govindarajan, M. |
| -- | 0000182762 |
| 245 10 - TITLE STATEMENT | |
| Title | Industrial marketing management / |
| Statement of responsibility, etc. | M. Govindarajan. |
| 250 ## - EDITION STATEMENT | |
| Edition statement | 1st ed. |
| 260 ## - PUBLICATION, DISTRIBUTION, ETC. (IMPRINT) | |
| Place of publication, distribution, etc. | New Delhi : |
| Name of publisher, distributor, etc. | Vikas, |
| Date of publication, distribution, etc. | 2003. |
| 300 ## - PHYSICAL DESCRIPTION | |
| Extent | xxii, 281 p. |
| 650 #0 - SUBJECT ADDED ENTRY--TOPICAL TERM | |
| Topical term or geographic name as entry element | Industrial marketing |
| General subdivision | Management. |
| -- | 0000157580 |
| 650 #0 - SUBJECT ADDED ENTRY--TOPICAL TERM | |
| Topical term or geographic name as entry element | Marketing |
| General subdivision | Management. |
| -- | 0000150912 |
| 852 1# - LOCATION | |
| -- | p875 KES |
| 852 1# - LOCATION | |
| -- | p875 KES |
| 908 ## - PUT COMMAND PARAMETER (RLIN) | |
| Put command parameter | 121119 |
| 950 ## - LOCAL HOLDINGS (RLIN) | |
| -- | 1 |
| Withdrawn status | Lost status | Source of classification or shelving scheme | Not for loan | Home library | Current library | Date acquired | Total Checkouts | Full call number | Barcode | Date last seen | Price effective from | Koha item type | Copy number |
|---|---|---|---|---|---|---|---|---|---|---|---|---|---|
| Library of Congress Classification | Kabarak, Main Campus | Kabarak, Main Campus | 21/10/2015 | HF5415.13 .G68 2003 c. 1 | 013970 | 21/10/2015 | 21/10/2015 | General Collection | c.1 | ||||
| Library of Congress Classification | Kabarak, Main Campus | Kabarak, Main Campus | 21/10/2015 | HF5415.13 .G68 2003 c. 2 | 013964 | 21/10/2015 | 21/10/2015 | General Collection | c.2 | ||||
| Library of Congress Classification | Kabarak, Nakuru City Campus | Kabarak, Nakuru City Campus | 21/10/2015 | HF5415.13 .G68 2003 c. 1 | 014119 | 21/10/2015 | 21/10/2015 | General Collection | |||||
| Library of Congress Classification | Kabarak, Nakuru City Campus | Kabarak, Nakuru City Campus | 21/10/2015 | HF5415.13 .G68 2003 c. 2 | 014074 | 21/10/2015 | 21/10/2015 | General Collection |